00455 a2200169 450000100060000002000150000604000240002110000240004524000230006924500180009230000070011036200090011765000310012694200070015795201040016499900170026869081 a8572081808 cAnchieta - Itaigara aAlbergaria, Lino de10aMaria Polianalpor10aMaria Poliana a710 a1997 4aLiteratura infanto-juvenil cBK 00104070a88.1b88.1d2023-11-21l0o028.5 ALB MARp1032/ITAr2023-11-21 20:03:29w2023-11-21yBK c69081d69081